| 000 | 00432nam a22001337a 4500 | ||
|---|---|---|---|
| 020 | _a9781119549840 | ||
| 040 | _cNUST | ||
| 082 |
_a005.54 _bSHM |
||
| 100 |
_aShmueli, Galit _983630 |
||
| 110 |
_aPatel, Nitin R Bruce, Peter C Lichtendahl, Kenneth C. _983631 |
||
| 245 | _aData Mining for Business Analytics : Concepts, Techniques, and Applications in PYTHON | ||
| 260 |
_aUSA: _bJohn Wiley & Sons, _c2020. |
||
| 942 |
_2ddc _cBK |
||
| 999 |
_c586636 _d586636 |
||